00492 2200181 4500001002100000005001500021035002000036245005900056100003100115250000600146300003400152260004400186082001000230084001600240020001800256650001900274990001700293INLIS00000000000076520190226124406 a0010-02190000761 aTanaman Obat Tradisional /cIr. N.R. Dewi Sopiah Azuri0 aIr. N.R. Dewi Sopiah Azuri a- ax, 32 hlm. :bilus. ;c21 cm. aJakarta :bPT Musi Perkasa Utama,c2005 a635.7 a635.7 DEW t a979-651-063-4 aTanaman Herbal a02798/H/2018